• 首页
  • 本馆介绍
  • 公告通知
  • 最新文献
  • 馆藏检索
  • 电子资源
  • 读者导购
  • 参考咨询
  • 我的图书馆
  • 登录
  • 详细信息显示
  • 放入我的书架
  • 预约/预借图书
  • 作者相关作品
  • 分类相关作品
  • 丛书相关作品
  • 出版社相关作品

书目信息

  • 表格格式
  • 工作单格式
  • 卡片格式
题名:
人身保险基础
    
 
作者: 苏锐石 主编
分册:  
出版信息: 广州   广东经济出版社  2000
页数: 387页
开本: 21cm
丛书名:
单 册:
中图分类: F840.62
科图分类:
主题词: 人身保险--基本知识 , 人身保险
电子资源:
ISBN: 7-80632-732-0
000 00874nam0 2200253 450
001 012007365596
005 20070605142131.96
010    @a7-80632-732-0@dCNY18.80
100    @a20070601d2000 km y0chiy0120 ea
101 0  @achi
102    @aCN@b440000
105    @ay z 000yy
106    @ar
200 1  @a人身保险基础@Aren shen bao xian ji chu@e给寿险营销员的书@f苏锐石主编@Fsu rui shi zhu bian
210    @a广州@c广东经济出版社@d2000
215    @a387页@d21cm
330    @a本书共分为九章,包括人身保险产品的分类、人身保险合同、寿险商品价格的确定、从投保到保险金赔付的系列过程、寿险销售和销售组织、寿险公司的经营管理等。
517 1  @a给寿险营销员的书@Agei shou xian ying xiao yuan de shu
606 0  @a人身保险@x基本知识
606 0  @a人身保险
690    @aF840.62@v4
701  0 @a苏锐石@Asu rui shi@4主编
801  0 @aCN@bRULIN@c20070605
905    @dF840.62@e29@s8
    
    人身保险基础:给寿险营销员的书/苏锐石主编.-广州:广东经济出版社,2000
    387页;21cm
    
    
    ISBN 7-80632-732-0:CNY18.80
    本书共分为九章,包括人身保险产品的分类、人身保险合同、寿险商品价格的确定、从投保到保险金赔付的系列过程、寿险销售和销售组织、寿险公司的经营管理等。
●
相关链接 在E读中查询图书 在五车中查询图书 在当当中查询图书 在豆瓣中查询图书


正题名:人身保险基础     索取号:F840.62/29         预约/预借

序号 登录号 条形码 馆藏地/架位号 状态 备注
1 0581925   205819257   第一样本阅览室/ [索取号:F840.62/29] 在馆    
2 0581926   205819266   密集书库/ [索取号:F840.62/29] 在馆    
3 0581927   205819275   密集书库/ [索取号:F840.62/29] 在馆    
4 0581928   205819284   第一借阅区/ [索取号:F840.62/29] 在馆    
5 0581929   205819293   密集书库/ [索取号:F840.62/29] 在馆    
6 0581930   205819300   第一借阅区/ [索取号:F840.62/29] 在馆    
7 0581931   205819319   第一借阅区/ [索取号:F840.62/29] 在馆    
8 0581932   205819328   第一借阅区/ [索取号:F840.62/29] 在馆    
唐山师范学院图书馆 欢迎您!
大连网信软件有限公司© 版权所有